LEADER 00852naa a2200217 u 4500 001 000000093143 003 CaOOAMICUS 005 20070226130132.0 008 010621s1928 fr u000 u fre u 035 $a10893432 040 $aPUL(R)$bita 100 1 $aEysinga, Willem Jan Marie van,$d1878-1961.$0(OLS)http://pul/name/59964 245 13$aLa guerre chimique et le mouvement pour sa répression /$cpar W.J.M. van Eysinga. 260 $a[S. l. :$bs. n.],$c1928. 300 $aP. [324-384] 504 $aBibliografia in nota. 650 4$aDiritto internazionale$xGuerra.$0(OLS)http://pul/subject/23389 773 0 $tRecueil des cours$gv.I (1927) 773 0 $tRecueil des cours 1927$w()59471 996 $6245$aLa guerre chimique et le mouvement pour sa répression$9(OLS)http://pul/title/120020 996 $6260$a[S. l. :$bs. n.]$9(OLS)http://pul/publisher/47882 LEADER 01444nam a2200313 u 4500 001 000000078501 003 CaOOAMICUS 005 20070226123433.0 008 040503s1989 gau u000 u eng u 020 $a1555403581 (cloth) 020 $a155540359X (pbk.) 035 $a10992983 040 $aPUL$bita 100 1 $aDozeman, Thomas B.$0(OLS)http://pul/name/52265 245 10$aGod on th mountain :$ba study of redaction, theology and canon in Exodus 19-24 /$cThomas B. Dozeman. 260 $aAtlanta :$bScholars Press,$cc1989. 300 $a224 p. ;$c24 cm 490 1 $aSociety of Biblical Literature monograph series ;$vn. 37 500 $aComprende indici. 504 $aBibliografia: p. [203]-224. 630 04$aBiblia.$pV.T.$pExodus$xCritica, interpretazione, ecc.$0(OLS)http://pul/subject/6714 830 0$aSociety of biblical literature. Monograph series ;$vn. 37.$0(OLS)http://pul/title/104445 850 $aPUL 852 $aPUL$W1$xCollocazioni Temporanee$y24$mC P 1.37$j100671$nBK-PRI$b $qStampati$B100671$CPULBib$Z2$F100671 $HPUL90833 $81 941 1 $a8 996 $6020$a1555403581 (cloth)$9(OLS)http://pul/number/102900 996 $6020$a155540359X (pbk.)$9(OLS)http://pul/number/102901 996 $6245$aGod on th mountain :$ba study of redaction, theology and canon in Exodus 19-24$9(OLS)http://pul/title/102844 996 $6260$aAtlanta :$bScholars Press$9(OLS)http://pul/publisher/52385